Biopesticide & integrated pest management / (Record no. 26596)

MARC details
000 -LEADER
fixed length control field 00957nam a2200253 4500
005 - DATE AND TIME OF LATEST TRANSACTION
control field 20090519163650.0
008 - FIXED-LENGTH DATA ELEMENTS--GENERAL INFORMATION
fixed length control field 701105s1969 ii b 000 0 eng
010 ## - LCCN (DPL NO)
LC control number ENG-93607
020 ## - INTERNATIONAL STANDARD BOOK NUMBER
International Standard Book Number 8176481351
Terms of availability 600.00
035 ## - SYSTEM CONTROL NUMBER
System control number EN-77140
037 ## - SOURCE OF ACQUISITION
Source of stock number/acquisition DBAD / PUB
040 ## - CATALOGING SOURCE
Original cataloging agency dpl
Language of cataloging English
082 ## - DEWEY DECIMAL CLASSIFICATION NUMBER
Classification number 632.96
100 ## - MAIN ENTRY--PERSONAL NAME
Personal name Ghosh, G.K.
245 ## - TITLE STATEMENT
Title Biopesticide & integrated pest management /
Statement of responsibility, etc by G.K.Ghosh
260 ## - PUBLICATION, DISTRIBUTION, ETC. (IMPRINT)
Place of publication, distribution, etc New Delhi
Name of publisher, distributor, etc APH Publishing Corporation
Date of publication, distribution, etc 2009
270 ## - ADDRESS
Address 4435-36/7, Ansari Road, Darya Ganj,
City New Delhi
Postal code 110002
300 ## - PHYSICAL DESCRIPTION
Extent x, 286p.
Dimensions 23cm(Hb)
500 ## - GENERAL NOTE
General note Includes bibliographical references and index
650 ## - SUBJECT ADDED ENTRY--TOPICAL TERM
Topical term or geographic name as entry element Natural pesticides
650 ## - SUBJECT ADDED ENTRY--TOPICAL TERM
Topical term or geographic name as entry element Biological pest control agents
942 ## - ADDED ENTRY ELEMENTS (KOHA)
Source of classification or shelving scheme Dewey Decimal Classification
Item type English Books
Call number suffix GHO
Classification part 632.96
Holdings
Withdrawn status Lost status Source of classification or shelving scheme Damaged status Not for loan Collection code Home library Current library Date acquired Source of acquisition Cost, normal purchase price Total Checkouts Full call number Barcode Date last seen Copy number Cost, replacement price Koha item type
    Dewey Decimal Classification   Not For Loan Non-fiction D.B.Act.Division D.B.Act.Division 19/05/2009 DBAD / PUB 600.00   632.96 GHO EN-77140 19/05/2009 1 600.00 English Books

© Delhi Public Library
Hit Counter
free hit counter